000 01046nam a22002657a 4500
005 20150129165734.0
008 140714b xxu||||| |||| 00| 0 Urdu d
010 _aUR-8540 B-548311-313
020 _c295.00
_a9788176503327
035 _aU-7095 B-548311-313
037 _bBPPD/Publishers/Venders
037 _bDBAD/Pub.
037 _bStar Pub.(Vend.)/Arshia Pub.(Pub.)
040 _aDPL
_bUrdu
082 _a841.8
100 _aشفيق ا لر حمن
245 _aحما قتين
_cشفيق ا لر حمن
246 _aHimaqtein (Humour stories)
_bby Shafiq ur Rehman
260 _bStar Publictions
_bStar Publications.( Vender)
_c2013
260 _a4/5Asaf Ali Road,New Delhi-110002
270 _aSuit 4b,floor 15,Webbley point, 1 Harrow Road,Wemley H A 96 DE(U.K)
_bU.K.
300 _a138ص
_c22Cm(Pb)
942 _2ddc
_cUR
_mش ف ی
_h841.8
999 _c87845
_d87845